000 00673nam a2200193 i 4500
001 87837
003 ES-MaACL
007 t|
008 041223s1975 sp ||||1| spa d
100 1 _aKuss, Otto.
_969080
245 1 0 _aSan Pablo
_b: la aportación del apostol a la teología de la Iglesia primitiva /
_cOtto Kuss ; [versión de Claudio Gancho].
260 _aBarcelona :
_bHerder,
_c1975.
300 _a485 p. ;
_c22 cm.
490 1 _aBiblioteca Herder. Sección de Sagrada Escritura
700 1 _aGancho, Claudio
_953818
830 0 _aBiblioteca Herder. Sección de Sagrada Escritura
_9186862
852 _aES-MaACL
_jE-7844
_bR.92272
999 _c87837
_d87837